01851nam a22001577a 4500003000900000005001700009008004100026040001300067100003500080245006100115250001100176260008100187300001800268490006900286520133800355IT-RoPau20220918181105.0130508b xxu||||| |||| 00| 0 eng d cIT-RoPau aCentro di Spiritualita Paolina aSupplemento a "Camminiamo anche noi in novità di vita" a1° ed aAriccia (Roma)bCentro di Spiritualità Paolina - Casa Divino Maestroc1979 a24 pp.c33 cm a"Camminiamo anche noi in novità di vita"vn° 5 - aprile 1979  aSommario I. (6 maggio, domenica) "Quel che é generato in lei, viene dallo Spirito Santo" (Mat 1,20) II. (7 maggio, lunedì) "Beata colei che ha creduto all'adempimento della parola del Signore" (Luc 1,45) III. (8 maggio, martedì) "Trovarono il Bambino con Maria sua Madre" (Mat 2,11) "Fate quello che vi dirà"' (Giov 2,5) IV. (9 maggio, mercoledì) "Ecco la serva del Signore: Si faccia di me secondo la tua parola" (Luc 1,38) V. (10 maggio, giovedì) "Dio mando il suo Figlio, nato da donna" ( Gal 4,4) VI. (11 maggio, venerdì) "A che debbo che la Madre del Signore venga a me?" (Luc 1,43) VII. (12 maggio, sabato) "Ave Maria, piena di grazia" (Luc 1,28) "Ripieni di tutta la pienezza di Dio" (Ef 3,19) VIII. (13 maggio, domenica) "Lo Spirito mi renderà testimonianza, e anche voi mi renderete testimonianza, perché siete con me fin dal principio" (Giov 15, 26-27) IX. (14 maggio, lunedì) "Mi ricordo del sogno che avevo visto... la piccola sorgente che divenne un fiume, la luce che spuntò, il sole e l'acqua copiosa". (Ester 10, 3 b-c) In cammino verso la Pentecoste A) Il saluto - l'ascolto - la risposta B) Con Maria, nel mistero della Chiesa C) Maria nella storia: Una madre per l"Uomo" D) Maria, Regina degli Apostoli E) Con Maria, in fervida attesa dello Spirito 3 giugno, Pentecoste "Totus tuus eso sum"